Chapter Titles - Harry Potter and the Half-Blood Prince - Statistics

General Stats
  • This quiz has been taken 8 times
  • The average score is 18 of 30
Answer Stats
No. Chapter % Correct
23 Horcruxes
100%
22 After the Burial
80%
16 A Very Frosty Christmas
80%
18 Birthday Surprises
80%
4 Horace Slughorn
80%
9 The Half-Blood Prince
80%
1 The Other Minister
80%
7 The Slug Club
80%
15 The Unbreakable Vow
80%
30 The White Tomb
80%
17 A Sluggish Memory
60%
14 Felix Felicis
60%
28 Flight of the Prince
60%
24 Sectumsempra
60%
12 Silver and Opals
60%
2 Spinner's End
60%
26 The Cave
60%
27 The Lightning Struck
60%
29 The Phoenix Lament
60%
21 The Unknowable Room
60%
3 Will and Won't
60%
5 An Excess of Phlegm
40%
6 Draco's Detour
40%
19 Elf Tails
40%
11 Hermione's Helping Hand
40%
20 Lord Voldemort's Request
40%
8 Snape Victorious
40%
10 The House of Gaunt
40%
13 The Secret Riddle
40%
25 The Seer Overheard
40%
No matching quizzes found
Score Distribution
Percent of People with Each Score
Percentile by Number Answered
Your Score History
You have not taken this quiz